000 00692cab a2200229 4500
001 ABS54181
008 090401t1995 xxu||||| |||| 00| 0 eng d
035 _a(Sirsi) u8919
041 _aeng
100 _aGilbert, C.
245 _aTools and toys - data-capture GPS vs recreational-use GPS
260 _c1995
350 _a0
490 _aMapping Awareness
_v9(10) December 1995, 33-35(3)
520 _aDiscusses the problems of choosing a GPS receiver for GIS data capture.
650 _aGIS DATA CAPTURE
650 _aGLOBAL POSITIONING SYSTEMS
650 _aGPS RECEIVERS
690 _aMANAGEMENT-BUSINESS MANAGEMENT-INFORMATION MANAGEMENT
942 _n0
948 _c04/03/1997
999 _c5525
_d5525